| 000 | 00545nam a2200181 a 4500 | ||
|---|---|---|---|
| 001 | 000006200 | ||
| 005 | 20200929151954.0 | ||
| 008 | 740319s1989 cu 001 p spa | ||
| 040 |
_aDO-SdBNP _bspa _cBNPHU |
||
| 082 |
_aCu861.44 _bJ32p |
||
| 100 | 1 |
_aJamís, Fayad. _917356 |
|
| 245 | 1 | 4 |
_aLos puentes : _bcontemporáneos / _cFayad Jamís; edición, Luis Marré. |
| 260 |
_aLa Habana : _bUnión, _c1989. |
||
| 300 |
_a95 p. ; _c21 cm. |
||
| 650 | 4 |
_aPoesía cubana _95226 |
|
| 650 | 4 |
_aLiteratura cubana _91483 |
|
| 700 | 1 |
_aMarré, Luis, _eed. _917357 |
|
| 999 |
_c5995 _d5995 |
||